Т. 4: Прерия; Собрание сочинений

Xehetasun bibliografikoak
Parent link:Собрание сочинений: в 7 т: пер. с англ./ Д. Ф. Купер. Т. 4: Прерия.— , 1982-
Hizkuntza:errusiera
Argitaratua: 1982
Gaiak:
Formatua: Liburua
KOHA link:https://koha.lib.tpu.ru/cgi-bin/koha/opac-detail.pl?biblionumber=92856

MARC

LEADER 00000nam2a2200000 4500
001 92856
005 20231031104911.0
035 |a (RuTPU)RU\TPU\book\99462 
035 |a RU\TPU\book\96143 
090 |a 92856 
100 |a 20060321d1982 m y0rusy50 ca 
101 1 |a rus  |c eng 
102 |a RU 
105 |a a z 000ay 
200 0 |a Т. 4: Прерия 
210 |d 1982 
215 |a 416 с.  |c ил. 
461 1 |0 (RuTPU)RU\TPU\book\96139  |t Собрание сочинений   |o в 7 т: пер. с англ.  |f Д. Ф. Купер  |v Т. 4: Прерия  |d 1982-  |s Библиотека "Огонек". Зарубежная классика 
610 1 |a американская литература 
610 1 |a приключения 
610 1 |a романы 
675 |a 82  |v 3 
801 1 |a RU  |b 63413507  |c 20060125  |g PSBO 
801 2 |a RU  |b 63413507  |c 20190815  |g PSBO 
942 |c BK